[Event "Norway Chess 7th"]
[Site "Stavanger"]
[Date "2019.06.05"]
[Round "2"]
[White "Yu, Yangyi"]
[Black "Ding, Liren"]
[Result "1/2-1/2"]
[WhiteElo "2738"]
[BlackElo "2805"]
[Annotator "Lupulescu,C"]
[PlyCount "87"]
[EventDate "2019.06.04"]
[EventType "tourn"]
[EventRounds "9"]
[EventCountry "NOR"]
[EventCategory "22"]
[SourceTitle "CBM 191"]
[Source "ChessBase"]
[SourceDate "2019.08.31"]
[SourceVersion "1"]
[SourceVersionDate "2019.08.31"]
[SourceQuality "1"]

1. d4 Nf6 2. c4 e6 3. g3 {A move order also favoured by Ding as White, mainly
designed to avoid the Queen's Indian.} c5 (3... Bb4+ 4. Bd2 Be7 5. Bg2 d5 6.
Nf3 O-O 7. O-O c6 {transposed back to Catalan positions in Caruana,F (2784)
-Ding,L (2769) Berlin 2018}) 4. Nf3 (4. d5 {is the most principled reply where
Ding already had a game:} exd5 5. cxd5 d6 6. Nc3 g6 7. Bg2 Bg7 8. Nf3 O-O 9.
O-O Re8 10. Re1 a6 11. a4 Nbd7 12. e4 Ng4 13. Nd2 Nge5 14. Bf1 g5 {with a
complex fight that ended in Black's favour in Bai,J (2518)-Ding,L (2755) China
2015, 0-1 (56).}) 4... cxd4 5. Nxd4 d5 (5... Bb4+ 6. Nc3 O-O 7. Bg2 {switched
back to Nimzo with 4.Nf3} d5 8. cxd5 Nxd5 9. Qb3 Nc6 10. Nxc6 bxc6 11. O-O Qa5
12. Ne4 Ba6 13. Qc2 Rfc8 14. Rd1 h6 15. Bf3 Be7 16. Bd2 {and White looked more
pleasant in Yu,Y (2734)-Zhao,J (2622) Wuxi 2016, 1-0.}) 6. Bg2 e5 7. Nf3 {
The only try for something here.} (7. Nb3 d4 8. O-O Nc6 9. f4 (9. e3 {is not
so efficient here because Black can win a tempo with} Bg4) 9... e4 10. f5 g6
11. Na3 Bxf5 12. Nb5 Bg7 13. N3xd4 Nxd4 14. Qxd4 Qxd4+ 15. Nxd4 Bd7 {and Black
was fine in Li,Y (2434)-Van Wely,L (2612) Ho Chi Minh City VIE 2019.}) (7. Nb5
a6 8. N5c3 d4 9. Nd5 Nxd5 10. cxd5 Bc5 11. Nd2 O-O 12. O-O Bf5 {Black has no
problems.}) (7. Nc2 {looks a bit passive.}) 7... d4 8. O-O Nc6 9. e3 {White
needs to open the centre to try to profit from his development advantage.} Be7
{The most common line although other moves also seem ok for Black.} 10. exd4
exd4 11. Bf4 Be6 $5 {This seems quite an accurate move order for Black.} (11...
O-O 12. Ne5 Qb6 13. Qb3 Na5 {takes the game to different kind of positions.})
12. Nbd2 (12. Ne5 Rc8 {is possible now compared to 11...0-0 lines:} 13. Nxc6
bxc6 14. Nd2 O-O $13) 12... O-O 13. Re1 (13. Ne5 {is now even inferior:} Nxe5
14. Bxe5 Ng4 15. Re1 (15. Bf4 $4 g5) 15... Nxe5 16. Rxe5 Qc7 {and Black is
more than fine.}) 13... Qd7 {The most consistent, finishing development.} (
13... Nh5 $5 14. Be5 Nf6 {preventing for the moment Ne5 ideas could also be
worth a try.}) 14. a3 {Mainly designed to control the b4 square.} a5 {Black
needs to stop White's expansion with b4.} 15. Ne5 {Again this is White's only
reasonable plan to make room for his superfluous Nd2.} Nxe5 16. Bxe5 Ng4 17.
Nf3 Nxe5 (17... d3 $1 18. h3 Nxf2 19. Kxf2 Bc5+ 20. Kf1 Rfe8 21. Qd2 f6 22. Bf4
Bxc4 23. Rac1 Qb5 24. Nh4 g5 25. Bxg5 Rxe1+ 26. Rxe1 fxg5 27. Qxg5+ {½-½ (27)
Kuhne,D (2277)-Ortiz,M (2247) was an amazing corr. game back in 2010. We can
understand that Black would not embark on such adventure without knowing the
details beforehand.}) 18. Nxe5 {Now, with the white N potentially heading for
d3, Black runs some strategic risk.} Qd6 $1 ({The humble} 18... Qc7 {would
allow White to execute his idea:} 19. Bd5 Bxd5 (19... Rad8 20. Bxe6 fxe6 21.
Qg4 Rf5 22. Qe4 {[%cal Ge5d3] looks really depressing for Black.}) 20. cxd5 Bc5
21. Rc1 Qd6 22. Qb3 $16) 19. Rc1 (19. Bxb7 Rab8 20. Be4 Bf6 $1 21. Nd3 Bxc4 {
Black kept his B pair so this can be nothing for White.}) 19... Rac8 $1 {
[%cal Ge7f6] The right decision, playing for activity.} 20. Bxb7 {Again
White's only try.} Rc5 21. Bd5 Bxd5 22. cxd5 Qxd5 (22... Rxc1 $1 {was the most
precise and Black is not worse:} 23. Qxc1 Bf6 24. Nd3 Qxd5 {White got his nice
knight on d3, but the black queen is very active on d5.} 25. Qf4 (25. Qc5 Qb3 (
25... Qf3 26. Ne5 $14) 26. Qf5 g6 27. Qxf6 Qxd3 $11) 25... h6 26. Qe4 Qd7 {
[%cal Ga5a4] White managed to get rid of the annoying black queen, but Black's
activity should give him enough chances as long as the queens are on.}) 23.
Rxc5 Bxc5 24. Qf3 $1 {Now White's king is perfectly safe so he can enjoy a
small edge, even though Black's position is very difficult to break into.} Qxf3
25. Nxf3 f6 {Making room for the king and also taking e5 square from White's
knight.} 26. Rc1 Bb6 27. Ne1 ({White's main problem is that he cannot
effectively use his king:} 27. Kf1 Rb8 28. Ke2 d3+ $11) (27. Rc6 Rb8 28. Nd2 d3
$1 {Playing for activity is again the right approach.} 29. Nc4 Bd4 30. Rd6 Bxb2
31. Rxd3 Ba1 32. Nxa5 Ra8 33. Nc4 h5 {The bishop a1 is surprinsingly safe and
White will find it very difficult to make progress.} 34. Rd2 Ra4) 27... Kf7 28.
Nd3 Ke7 29. Rc6 Rb8 30. Kg2 Kd7 31. Rc2 Ba7 32. b4 {With this liquidation
White pretty much gives up his winning chances.} (32. Kf3 {keeping the
queenside structure intact could be a small try:} Kd6 33. h4 g6 {though
objectively Black is not in any serious danger.}) 32... axb4 33. axb4 Bb6 (
33... g6 34. Kf3 Kd6 {- a waiting strategy would also be ok.}) 34. Kf3 Ra8 35.
Ke4 Ra3 {[%cal Ga3c3] Forcing matters.} 36. Nc5+ Bxc5 (36... Kd6 37. Kxd4 Ra4 {
was also possible.}) 37. Rxc5 Ra2 38. Rh5 h6 39. f4 Rb2 40. Rd5+ (40. b5 Rb4
$11) 40... Kc6 41. Rxd4 Rxh2 42. Kf5 Rg2 43. g4 g5 44. fxg5 {A rare variation
that proved to have some venom. However, Ding masterfully neutralized White's
initiative.} 1/2-1/2

[Event "EU-ch 12th"]
[Site "Aix les Bains"]
[Date "2011.03.27"]
[Round "6"]
[White "Papaioannou, Ioannis"]
[Black "Houska, Jovanka"]
[Result "1/2-1/2"]
[WhiteElo "2605"]
[BlackElo "2419"]
[Annotator "Marchand,A/Primel,D"]
[PlyCount "71"]
[EventDate "2011.03.22"]
[EventType "swiss"]
[EventRounds "11"]
[EventCountry "FRA"]
[SourceTitle "CBM 142 Extra"]
[Source "ChessBase"]
[SourceDate "2011.06.27"]
[SourceVersion "1"]
[SourceVersionDate "2011.06.27"]
[SourceQuality "1"]
[TimeControl "40/5400+30:1800+30"]

1. d4 d5 2. Nf3 Nf6 3. c4 e6 4. g3 Bb4+ {Cet échec intermédiaire était courant
dans l'Ouest-Indienne et la Bogo mais il a obtenu ses lettres de noblesse dans
la Catalane depuis quelques années} (4... dxc4 5. Bg2 Bb4+) 5. Bd2 (5. Nbd2) (
5. Nc3) 5... Bd6 {[%cal Ge6e5] La dernière mode popularisée par Adams et
Ponomariov} (5... Be7 {La grande ligne} 6. Bg2 O-O (6... dxc4 7. Qa4+ Bd7 8.
Qxc4 Bc6 9. Nc3 Nbd7 10. O-O O-O 11. Rac1 Rc8) (6... Nbd7 7. O-O c6 8. Qc2 b6
9. Rd1 Ba6 10. Ne5 Nxe5 11. dxe5 Nd7 12. cxd5 cxd5 13. Nc3 (13. e4 d4 14. Qa4
Be2 15. Re1 d3 16. Nc3 $13) 13... O-O 14. e4) (6... c6 7. Qc2 b6) 7. O-O c6 (
7... Nbd7) 8. Qc2 (8. Bf4 dxc4 9. Ne5 Nd5 10. Nxc4 Nxf4 11. gxf4 Nd7 12. Nc3
$14 {[%csl Ge5];Feller,S (2657)-Meier,G (2669) FRA-ch op blitz 2011 (9) 1/2}) (
8. Qb3 $5 {[%cal Gd2b4]} Nbd7 9. Bb4 $5 (9. Bf4) 9... b6 10. Bxe7 Qxe7 11. Nc3
Bb7 12. Rac1 {Andersson,U (2599)-Jussupow,A (2622) Bundesliga 0203 2002 (12.3)
1/2} (12. cxd5 cxd5 13. Rfc1 Rfc8 14. e3 {Grabarczyk,M (2477)-Nguyen Chi Minh 
(2429) Prague op-A 08th 2009 (4) 1-0} (14. a4 $5 Ne4 15. a5 $14))) 8... b6 9.
Bf4 (9. Rd1 Nbd7 (9... Ne4 10. Bf4 f5 {[%csl Rd1] Dans un stonewall, la Rd1
est assez mal placée et malgré l'avance de développement, l'avantage Blanc est
assez minime.}) 10. Bf4 Bb7 11. Nc3 Rc8 (11... dxc4 12. Nd2) 12. Ne5 Nh5 13.
Bc1 $14)) (5... a5 6. Bg2 dxc4 (6... O-O 7. O-O dxc4 (7... c6 8. Qc2 Be7 9. Bf4
(9. Bg5))) 7. O-O Nc6 8. Bg5 (8. e3 O-O 9. Qe2 (9. Qc2) 9... Bd6 10. Na3 Bxa3 (
10... e5 11. Nxe5 (11. Nxc4)))) (5... Bxd2+ $143 6. Nbxd2 $14 {[%csl Rc8]} (6.
Qxd2 O-O (6... dxc4 7. Bg2 O-O 8. Na3 $1 Bd7 9. Nxc4 Bc6 10. O-O) 7. Bg2) 6...
O-O 7. Bg2 Nbd7 (7... b6 8. Ne5 Bb7 9. O-O Nbd7 10. Nxd7 Qxd7 11. Qc2 Rab8 12.
Rfd1 $14) 8. O-O c6 9. Qc2 $14) 6. Nc3 (6. Bg2 $142 {Un ordre de coups plus
courant} c6 (6... O-O 7. O-O c6 8. Qb3 (8. Qc2) 8... Nbd7 9. Nc3 (9. Bb4) 9...
b6 10. e4 (10. Rfe1) 10... Nxe4 11. Nxe4 dxe4 12. Ng5 Nf6 13. Nxe4 Nxe4 14.
Bxe4 Bb7 15. Qc2 (15. Rad1 $14)) 7. O-O (7. Qb3 {[%cal Gd2b4]} O-O 8. Bb4 Bxb4+
9. Qxb4 Na6 (9... a5 $5) 10. Qb3 Qa5+ {Roa Alonso,S (2330)-Kurajica,B (2535)
Oviedo rapid 1993 (6) 1-0}) 7... Nbd7 {[%emt 0:33:30] Les Noirs ont un trés
bon score sur cette ligne} 8. b3 (8. Bf4 Bxf4 9. gxf4 $13 {[%csl Ge5]}) (8. Qc2
) 8... Ne4 9. Nc3 f5 (9... O-O 10. Nxe4 dxe4 11. Ng5)) 6... c6 {[%cal Gd5c4]} (
6... O-O 7. Bg2 Nbd7 8. O-O dxc4 $13) 7. Bg2 Nbd7 (7... dxc4 $5 {Avec un Nc3
rapide des Blancs, dc4 est probablement une suite critique car il est plus
difficile pour les Blancs de récupérer le P mais en contrepartie, le Bd6 rend
plus dangereuse l'attaque du centre par e2e4} 8. Bg5 $5 (8. e4 {[%cal Ge4e5]}
Be7 9. O-O b5 (9... O-O) 10. a4 b4 11. e5 Nd5 (11... bxc3 $143 {[%cal Ge5f6,
Gf6e7,Ge7d8]} 12. exf6) 12. Ne4 $44) (8. Ne5 $5 $146 {[%cal Ge5c4]} Bxe5 (8...
O-O 9. Nxc4 Be7 {[%cal Gd8d4]} 10. e3 Nbd7 11. O-O $14 {La position noire est
assez passive} c5 12. Rc1 cxd4 13. exd4 Nb6 14. Qe2 $1 Qxd4 15. Nb5 Qg4 16. Bf3
Qh3 17. Ne3 e5 (17... a6 18. Nc7 Rb8 19. Ba5 $44)) (8... Bc7 9. Bg5 h6 10. Bxf6
Qxf6 11. O-O O-O 12. Nxc4 Rd8 13. e3 Nd7 (13... c5 14. Ne4)) 9. dxe5 {[%csl
Rc8]} Nd5 10. Ne4 $44 {[%csl Gd6]}) 8... Nbd7 9. Nd2 Nb6 10. O-O O-O 11. e3 e5
$132 {[%emt 0:33:30] Rahman,Z (2527)-Nezad,H (2402)/Asia-chT 16th (5)/0-1}) 8.
O-O dxc4 $1 {Les Blancs ont des compensations mais les chances sont réciproques
} (8... O-O {Plus courant} 9. b3 Re8 10. Qc2 dxc4 11. bxc4 e5 $132) 9. Bg5 h6
10. Bxf6 Qxf6 (10... gxf6 11. Ne4 Be7 12. Qc2 f5 13. Ned2 b5 14. e4 (14. b3)) (
10... Nxf6 $143 11. Nd2 {[%cal Gd2c4]} e5 12. d5 cxd5 13. Nxd5 Nxd5 14. Nxc4 $1
$36 {[%csl Rd5,Rd6,Re8];Poluljahov,A (2460)-Lunev,A (2385) RUS-sf Briansk 1995
(2) 1/2}) 11. Ne4 Qe7 12. Nfd2 {[%cal Gd2c4] Il est intéressant de voir la
tentative d'amélioration du grec sur une partie de référence.} (12. Qc2 $142 $1
{[%cal Gc2c4,Ga1d1]} O-O ({RR} 12... Nb6 13. Ne5 (13. Nxd6+ Qxd6 14. Rfd1 O-O
15. Ne5 c5 16. Nxc4 Nxc4 17. Qxc4)) (12... b5 13. b3) (12... Bc7) 13. Nxd6 Qxd6
14. Qxc4 e5 15. Rad1 $14 {[%emt 0:33:27] Ruck,R (2561)-L'Ami,E (2577)/EU-chT 
(Men) 16th (9.4)/1/2-1/2}) (12. Rc1 b5) 12... Nb6 13. Qc2 $5 $146 {Une
suggestion du GMI MARIN} (13. f4 {[%csl Ge5]} O-O 14. Qc2 c5 15. Nxc4 Nxc4 16.
Qxc4 cxd4 17. Nxd6 Qxd6 18. Rad1 e5 19. fxe5 Qxe5 20. Qxd4 Qxd4+ 21. Rxd4 Be6
22. Bxb7 Rab8 23. Bd5 Bxd5 24. Rxd5 Rxb2 25. Ra5 Re8 26. Rxa7 Rexe2 27. Rfxf7
Re1+ {Gelfand,B (2758) -Ponomariov,R (2739)/Moscow 2009/CBM 133/[Marin,M]/ 1/
2-1/2}) ({RR} 13. Rc1 O-O ({RR} 13... e5) 14. Nxc4 Bc7 15. Qc2 Qd8 16. Rfd1 Nd5
17. a3) (13. a4 {[%cal Ga4a5]} a5 $11) 13... e5 $1 $11 14. Nxc4 (14. a4 {
[%cal Ga4a5]} a5) 14... Nxc4 15. Qxc4 exd4 (15... Be6) 16. Rad1 $32 (16. Nxd6+
Qxd6 17. Rfd1 Be6 18. Qxd4 Qxd4 19. Rxd4 Rd8 $1) 16... O-O (16... Be5 $13) 17.
Nxd6 Qxd6 18. Rxd4 Be6 $1 19. Qd3 (19. Qc3 {[%cal Gf1d1,Gd4d6]} Qe5 (19... Qe7
20. Rfd1 Rfd8 21. a3) 20. e3 Bxa2 21. b3 {[%cal Gf1a1]} c5 22. Rc4 Qxc3 23.
Rxc3 Rfd8 24. Ra1 Rd2 25. Rxc5) 19... Qe5 20. b3 (20. Rd1 Bxa2 21. b3 {[%csl
Ra2]} Qe6) 20... c5 21. Ra4 (21. Rd6 c4) 21... Qc7 22. Qc3 a5 {[%csl Ra4]} 23.
Rc1 b5 (23... Rfd8 $5 {[%csl Rg1][%cal Gd8d1]}) 24. Re4 Rac8 25. Re5 Rfd8 26.
h4 c4 $1 27. Rxb5 Qd7 {[%cal Gc8c3,Gd7d2]} 28. Rb7 Qd2 29. bxc4 Rxc4 30. Qxd2
Rxd2 31. Rxc4 Bxc4 32. a4 Rxe2 33. Bc6 g5 34. hxg5 hxg5 {(=)} 35. Rd7 {Refuse
la nulle mais les Blancs ne vont pas insiter trop longtemps} Re5 36. f3 {
Cette variante Bd6 est trés solide} 1/2-1/2

[Event "EU-ch 12th"]
[Site "Aix les Bains"]
[Date "2011.03.25"]
[Round "4"]
[White "Grachev, Boris V"]
[Black "Palac, Mladen"]
[Result "1-0"]
[WhiteElo "2675"]
[BlackElo "2586"]
[Annotator "Marchand,A/Primel,D"]
[PlyCount "91"]
[EventDate "2011.03.22"]
[EventType "swiss"]
[EventRounds "11"]
[EventCountry "FRA"]
[SourceTitle "CBM 142 Extra"]
[Source "ChessBase"]
[SourceDate "2011.06.27"]
[SourceVersion "1"]
[SourceVersionDate "2011.06.27"]
[SourceQuality "1"]
[TimeControl "40/5400+30:1800+30"]

1. d4 Nf6 2. c4 e6 3. Nf3 d5 4. g3 Bb4+ 5. Bd2 Bd6 {La dernière mode} (5... Be7
{La grande ligne}) 6. Bg2 c6 {[%cal Gd5c4]} 7. b3 (7. Qc2) (7. Nc3 O-O {
[%emt 0:33:30] Maletin,P (2584) -Turov,M (2624)/ Bhubaneswar op 2nd (10)/1/2-1/
2} (7... dxc4 $5 8. Ne5 {[%cal Ge5c4]} Bxe5 9. dxe5 Ng4 10. Ne4 {[%cal Ge4d6]}
O-O (10... Nxe5 11. Bb4 {[%csl Gb4]}) 11. Bb4 $44 {[%csl Gb4][%cal Gb4d6]}))
7... Nbd7 8. Nc3 (8. O-O O-O) 8... dxc4 {[%cal Ge6e5]} (8... e5 9. cxd5 cxd5
10. dxe5 {[%csl Rd5]}) (8... b6 9. O-O O-O 10. e4 Nxe4 11. Nxe4 dxe4 12. Ng5 {
[%csl Rd6]}) 9. bxc4 e5 10. e3 exd4 11. exd4 Be7 $146 {Un peu trop lent} (11...
Qe7+ $142 12. Qe2 Qxe2+ 13. Kxe2 O-O 14. Rhb1 (14. Rab1) (14. a4 Re8+) (14.
Rhe1 Re8+ 15. Kf1) 14... b6 15. Be3 Ba6 16. Nd2 Rac8 17. a4 Nd5 18. Nxd5 cxd5
19. Bxd5 Nf6 20. Bf3 Bxc4+ 21. Nxc4 Rxc4 22. a5 Rb4 23. Rxb4 Bxb4 24. axb6 axb6
25. Ra6 Rb8 26. Bf4 {Onischuk,A (2688)-Meier,G (2659)/Lubbock 2010/CBM 139/1-0
(35)}) 12. O-O Nb6 13. c5 (13. Qe2 O-O) 13... Nbd5 14. Nxd5 (14. Ne5 {[%csl
Ge5]}) 14... Nxd5 15. Rb1 {[%csl Rb7]} (15. Re1) 15... O-O 16. Qa4 Bf6 17. Rfe1
$16 Re8 18. Ne5 Bxe5 19. dxe5 {[%csl Gd2,Gg2]} Qe7 20. Qc2 $36 {Les Blancs ont
un net avantage d'espace et la paire de B dans une position ouverte. Le Nd5
occupe une belle case mais il n'est pas facile de renforcer la position Noire}
(20. Qd4 {[%csl Gd4]}) 20... Be6 21. Be4 g6 22. h4 $1 {[%csl Gd2,Rf6,Rg7,Rh6]
Après l'échange du B de cases noires, l'aile-roi est affaiblie} Qd7 23. Bg5 (
23. h5) 23... Rac8 {Illustrant le problème des Noirs qui sont réduits а des
coups d'attente} 24. Qc1 Bf5 (24... Bh3 25. Bf6 Nxf6 26. exf6 Qd4 27. Qf4) 25.
Bf6 $1 {[%cal Gc1h6]} Nxf6 26. exf6 {[%csl Rg7,Rh6]} Qe6 (26... Bxe4 27. Qh6)
27. Bxf5 Qxf5 28. Qg5 $1 {Rentre dans une bonne finale pour les Blancs} Rxe1+
29. Rxe1 Qxg5 30. hxg5 {[%csl Rc8,Rg8][%cal Ge1e7]} b6 {[%csl Gc6]} 31. Re7 $1
(31. cxb6 $2 axb6 $132 {[%csl Gc6][%cal Gc6c1]}) 31... bxc5 32. Kf1 Rf8 $6 $138
{[%csl Rf8]} 33. g4 (33. Ke2) 33... c4 (33... h6 34. gxh6 g5 {[%cal Gg8h7]} 35.
Re5 Kh7 36. Rxg5 Kxh6 37. Rg7 $40 {[%csl Rf7,Rf8,Gg7,Rh6]}) 34. Ke2 Rd8 35.
Rxa7 {[%csl Ga2]} h6 36. gxh6 c3 (36... g5 {[%cal Gg8h7]}) 37. Ra3 Rd2+ $6 (
37... Rd4 $142 38. f3 Kh7 39. Rxc3 Kxh6 40. Rxc6 Ra4 41. Rc7 (41. Rc2 Kg5)
41... Rxa2+ 42. Ke3 Ra3+ 43. Kf4 g5+ 44. Kg3 Kg6) 38. Ke3 g5 (38... Kh7 39. g5)
39. Rxc3 Rxa2 {Le K noir est trés mal placé et la finale est quasiment
gagnante pour les Blancs} 40. Rc5 Ra3+ 41. Ke2 Kh7 42. Rxg5 Kxh6 43. Rg7 {
[%csl Rf7,Rh6]} Ra7 {[%cal Ga7c7,Gc6c1]} 44. Kf3 (44. g5+ $1 Kh5 45. g6 {
[%cal Gg7a7]}) 44... Rb7 45. Kg3 c5 46. Kf4 1-0

[Event "EU-ch 12th"]
[Site "Aix les Bains"]
[Date "2011.03.28"]
[Round "7"]
[White "Fridman, Daniel"]
[Black "Vocaturo, Daniele"]
[Result "1-0"]
[WhiteElo "2661"]
[BlackElo "2564"]
[Annotator "Marchand,A/Primel,D"]
[PlyCount "81"]
[EventDate "2011.03.22"]
[EventType "swiss"]
[EventRounds "11"]
[EventCountry "FRA"]
[SourceTitle "CBM 142 Extra"]
[Source "ChessBase"]
[SourceDate "2011.06.27"]
[SourceVersion "1"]
[SourceVersionDate "2011.06.27"]
[SourceQuality "1"]
[TimeControl "40/5400+30:1800+30"]

1. d4 Nf6 2. Nf3 e6 3. g3 c5 (3... b5 {[%csl Gc4] Un bon système pour les
Noirs face а l'ordre de coups des Blancs qui ont retardé la poussée c4} 4. Bg2
(4. Qd3 $5 {[%cal Gd3b5,Ge2e4]}) 4... Bb7) 4. Bg2 cxd4 5. Nxd4 d5 (5... a6 {
Transpose dans une anglaise} 6. c4 Qc7 7. Nc3 (7. b3 Bb4+ 8. Bd2 Be7 9. O-O Nc6
10. Bc3 O-O 11. Bb2 d6 12. Nc3 Bd7 13. Rc1 {[%cal Gc3d5,Gc1c7]}) 7... Qxc4 8.
O-O Nc6 9. Nb3 Be7 10. Bf4 d5 11. a3 $44 {Aronian,L (2584)-Prusikin,M (2519)
Morso 2002 (1) 1/2}) 6. c4 (6. O-O e5 7. Nb3 Be6 8. Nc3 (8. c4 {[%cal Gg2b7]}
Nc6 9. cxd5 Nxd5 10. Bd2 Be7 11. Nc3 O-O $11)) 6... e5 $1 7. Nf3 (7. Nb3 d4 (
7... dxc4 $143 8. Qxd8+ Kxd8 9. Na5)) (7. Nc2 d4 8. f4 Nc6 9. Bxc6+ bxc6 10.
fxe5 Qa5+ 11. Qd2 Qxe5 12. Qxd4 Qh5 13. Qe3+ Be6 14. b3 Bd6 15. Ba3 Be5 {
Polovodin,I (2435)-Aseev,K (2315) Leningrad-ch 1983 1/2} (15... Bxa3 16. Nbxa3
O-O 17. O-O-O a5 $13 {[%cal Ga5a4] Ulibin})) 7... d4 8. O-O {[%cal Gf3e5]} Nc6
9. e3 Be7 (9... Bc5 10. exd4 exd4 11. Re1+) 10. exd4 exd4 11. a3 {[%emt 0:32:
28] Une idée oubliée du Championnat d'URSS 1948} (11. Bf4 {La grande ligne})
11... a5 (11... Be6 12. b3 Qd7 $132 {[%cal Ge6h3] ;Kaidanov,G (2569)
-Christiansen,L (2586)/USA-ch Gr-B Saint Louis 2011 (7)/1-0}) 12. Re1 $146 (12.
Nbd2 Be6 13. b3 O-O 14. Bb2 Qd7 15. Re1 Rad8 16. Ng5 Bg4 17. Bf3 Bf5 18. Bg2 d3
19. Bxc6 bxc6 20. Ngf3 Bc5 21. Ne5 Qc8 22. Qf3 Ng4 23. Nxg4 Bxg4 24. Qf4 f6 25.
Bc3 g5 26. Qe4 Rfe8 27. Qg2 Qf5 28. b4 axb4 29. axb4 Bf8 30. f3 Bh3 {Beliavsky,
A (2618)-Rublevsky,S (2660)/Vrnjacka Banja 1999/EXT 2000/1/2-1/2 (56)}) (12. b3
{[%emt 0:32:28] La partie de référence} O-O 13. Bb2 {Ilivitzki,G-Keres,P
URS-ch16 Moscow 1948 (13) 1/2}) 12... O-O 13. Bf4 (13. b3 Re8 $132) 13... Qb6 (
13... Bg4) (13... Re8 $5 14. Nbd2 Qb6) 14. Nbd2 Be6 (14... Qxb2 15. Ne5 Nxe5
16. Bxe5 Rd8 (16... Bg4) 17. Ne4 Nxe4 18. Bxe4 $44 {[%csl Rh7][%cal Gd1h5]}) (
14... Bg4 15. h3 $14) (14... d3 $1 {[%cal Ge7c5,Gc5f2] Les P passés sont faits
pour être poussés comme disait Nimzovitch et même si le P"d3" va tomber а
terme, les Noirs prennent l'initiative.} 15. Qb3 {[%cal Gb3d3,Gb3b6]} (15. Qc1
Bc5 {[%csl Rf2]}) (15. Ne5 Nxe5 16. Rxe5 Bc5 17. Ne4 Nxe4 18. Bxe4 Bxf2+ 19.
Kg2 Qxb2 {[%cal Gb2g2,Gf2d4]} 20. Rb1 Qa2 21. Qb3 Qxb3 22. Rxb3 Bd4 23. Rd5 Bf6
24. Rdxd3 Re8 (24... a4 25. Rb4) 25. Bxb7 Bxb7+ 26. Rxb7 Re2+ 27. Kh3 g5 $1 $11
{[%csl Rh3][%cal Gh7h5]}) 15... Qxb3 16. Nxb3 a4 17. Nbd4 Nxd4 18. Nxd4 Bc5 19.
Nb5 {[%cal Gb5c3]} Ng4 20. Rf1 Re8 $1 21. Nc7 Re2 22. Nxa8 Nxf2 23. Rfe1 Nh3+
24. Kh1 Nf2+ 25. Kg1 Nh3+ {Forçant la nulle}) 15. Ng5 $14 Bg4 16. Qb3 Qa7 17.
h3 (17. Nge4 a4 18. Nxf6+ Bxf6 19. Qd3 Rfe8 20. Ne4 $14) 17... Bh5 18. Bc7 {
[%cal Gg2c6,Ge1e7]} (18. Nge4 $142 $5 Nxe4 19. Nxe4 Bg6 (19... Rfe8 20. c5 $1
h6 (20... Bxc5 21. Nxc5 Qxc5 22. Qxb7) 21. Nd6) 20. Nd6 $36 {[%cal Gb3b7,Gg2c6]
}) 18... Rae8 (18... a4 $5 {[%csl Rb3]} 19. Qb5 (19. Qd3 Bg6) (19. Qc2 Bg6)
19... d3 (19... Rfe8 20. Bb6 (20. Bxc6 $2 bxc6 21. Qxc6 Rac8) 20... Qa6 21.
Qxa6 Rxa6 22. Bxc6 bxc6 23. Bxd4 $16) 20. Bb6 Qa6) (18... Rfe8 {Plus souple})
19. Nge4 Nxe4 20. Nxe4 Bg6 21. Nd6 $1 Bxd6 22. Bxd6 Rxe1+ 23. Rxe1 Rc8 24. c5
h6 25. Qc4 Qa8 26. b4 axb4 27. axb4 Re8 28. Rxe8+ Qxe8 29. b5 {[%csl Gb5,Gc5]}
d3 30. bxc6 (30. Bf4 Qe1+ 31. Kh2) 30... d2 $4 $138 {En zeitnot, l'italien se
trompe dans l'ordre de coups} (30... Qe1+ $8 {[%cal Gd3d2,Gd2d1]} 31. Kh2 d2
32. cxb7 d1=Q 33. b8=Q+ Kh7 $11) 31. cxb7 d1=Q+ 32. Qf1 Qb3 33. c6 Qd8 34. Bf4
Qdb6 35. b8=Q+ Qxb8 36. Bxb8 Qxb8 37. Qe1 Bf5 38. Qe7 f6 39. Bd5+ Kh8 40. c7 {
Les Blancs avaient moins d'une minute а la pendule lorsqu'ils ont joué le
40ème coup.} Qb1+ 41. Kh2 1-0